000 00808nmm a2200253 a 4500
003 AR-X00000XY
005 20251128211949.0
008 137020s2006 ||||||||||||||000 | spa||
040 _cAR-X00000XY
100 1 _aPalacio, Lino Enrique
245 1 0 _aHomenaje
260 _aBuenos Aires
_bMinisterio de Cultura. Subsecretaría de Patrimonio Cultural
_c2006
300 0 _a22 p.
_bil.
500 0 _aCatálogo de la muestra realizada en el Museo de Artes Plásticas Eduardo Sívori del 1º de abril al 30 de septiembre de 2006
650 4 _aEXPOSICIONES
650 4 _aDIBUJANTES
650 4 _aARTES PLASTICAS
653 0 _aCARICATURAS
653 0 _aARTE ARGENTINO
653 0 _aHISTORIETAS
711 2 _a[Homenaje a Lino Palacio]
_d2006
_cBuenos Aires, Argentina
942 _cBK
998 _cNancy
999 _c21819
_d21819